[Event "Bratislava exe op"]
[Site "Bratislava"]
[Date "2023.09.22"]
[Round "8"]
[White "Hitka, Dominik"]
[Black "Dolnik, Michal"]
[Result "1-0"]
[WhiteElo "1320"]
[BlackElo "1547"]
[PlyCount "59"]
[EventDate "2023.09.15"]
[EventType "swiss"]
[EventRounds "9"]
[EventCountry "SVK"]
[SourceTitle "EXT 2024"]
[Source "ChessBase"]
[SourceDate "2023.10.10"]
[SourceVersion "1"]
[SourceVersionDate "2023.10.10"]
[SourceQuality "1"]

1. Nf3 Nf6 2. c4 d5 3. cxd5 Nxd5 4. Nc3 Nc6 5. d4 Bg4 6. e3 e6 7. h3 Bh5 8. Be2 Bb4 9. Qc2 Bg6 10. Bd3 Nce7 11. Ne5 Bxd3 12. Nxd3 Rc8 13. 0-0 c5 14. Nxd5 Nxd5 15. e4 Nf6 16. dxc5 Bxc5 17. Nxc5 b6 18. Qa4+ Kf8 19. Rd1 Qc7 20. Nd7+ Ke7 21. Qb4+ Ke8 22. Nxf6+ gxf6 23. Qd6 Qxd6 24. Rxd6 Ke7 25. Rd1 Rc4 26. Be3 Rc2 27. Rab1 Re8 28. Rdc1 Rxc1+ 29. Rxc1 Kd6 30. f4 1-0

[Event "Bratislava exe op"]
[Site "Bratislava"]
[Date "2023.09.17"]
[Round "3"]
[White "Cichon, Michal1111"]
[Black "Dolnik, Michal"]
[Result "1-0"]
[WhiteElo "1173"]
[BlackElo "1547"]
[PlyCount "57"]
[EventDate "2023.09.15"]
[EventType "swiss"]
[EventRounds "9"]
[EventCountry "SVK"]
[SourceTitle "EXT 2024"]
[Source "ChessBase"]
[SourceDate "2023.10.10"]
[SourceVersion "1"]
[SourceVersionDate "2023.10.10"]
[SourceQuality "1"]

1. e4 e5 2. Nf3 Nc6 3. Bc4 Bc5 4. c3 Nf6 5. d3 d6 6. Nbd2 0-0 7. 0-0 Be6 8. Bb5 Qd7 9. d4 exd4 10. cxd4 Bb6 11. d5 Nxd5 12. exd5 Bxd5 13. Nb3 Be4 14. Ne5 Qf5 15. Bxc6 bxc6 16. Nc4 Qg6 17. g3 Qf5 18. Nxb6 axb6 19. Nd4 Bf3 20. Nxf3 Qc5 21. Be3 Qa5 22. Qc2 f6 23. Qxc6 Rac8 24. Rfd1 Kh8 25. a3 Qh5 26. Rac1 Rfd8 27. Nd4 Qe5 28. Bf4 Qe7 29. Re1 1-0

[Event "SVK-ch U14"]
[Site "Dudince"]
[Date "2023.04.23"]
[Round "9"]
[White "Dolnik, Michal"]
[Black "Benci, Jozef1111"]
[Result "1/2-1/2"]
[WhiteElo "1548"]
[BlackElo "1659"]
[PlyCount "126"]
[EventDate "2023.04.16"]
[EventType "swiss"]
[EventRounds "9"]
[EventCountry "SVK"]
[SourceTitle "CBM 213 Extra"]
[Source "ChessBase"]
[SourceDate "2023.05.31"]
[SourceVersion "1"]
[SourceVersionDate "2023.05.31"]
[SourceQuality "1"]

1. b3 Nf6 2. Bb2 d6 3. e3 g6 4. f4 Bg7 5. Nf3 Bg4 6. Be2 Nbd7 7. 0-0 0-0 8. Qe1 e6 9. h3 Bxf3 10. Bxf3 d5 11. g4 Ne4 12. Bxg7 Kxg7 13. Bxe4 dxe4 14. Nc3 f5 15. g5 Rh8 16. Kg2 h6 17. h4 Qe7 18. Qg3 h5 19. Ne2 Rad8 20. Rad1 Nb6 21. c4 c5 22. Nc1 Rd6 23. d4 Rhd8 24. Ne2 Nc8 25. Qe1 Qc7 26. Qc3 Kg8 27. Rd2 Ne7 28. Rfd1 cxd4 29. Nxd4 Nc6 30. Nxc6 bxc6 31. Rxd6 Rxd6 32. Rxd6 Qxd6 33. Kg3 Qd1 34. Kf2 Qh1 35. Qd4 Qxh4+ 36. Ke2 Qh2+ 37. Kd1 Qg1+ 38. Kd2 Qf2+ 39. Kc3 Qe1+ 40. Kb2 Qe2+ 41. Ka3 Qd3 42. Qxa7 Qd8 43. Qb7 Kf8 44. Qxc6 Qe7+ 45. c5 h4 46. Kb4 h3 47. Qb5 h2 48. Qf1 Qb7+ 49. Ka5 Qd5 50. Kb6 Qd8+ 51. Kb7 Qd7+ 52. Kb6 Qd8+ 53. Kb7 Qd5+ 54. Kb6 Ke7 55. Qh3 Qd8+ 56. Kb7 Qd5+ 57. Kb6 Qd8+ 58. Kb7 Qd7+ 59. Kb6 Qd8+ 60. Kb7 Qd7+ 61. Kb6 Qd8+ 62. Kb7 Qd5+ 63. Kb6 Qd8+ 1/2-1/2

[Event "SVK-ch U14"]
[Site "Dudince"]
[Date "2023.04.22"]
[Round "8"]
[White "Ziman, Damian"]
[Black "Dolnik, Michal"]
[Result "0-1"]
[WhiteElo "1341"]
[BlackElo "1548"]
[PlyCount "52"]
[EventDate "2023.04.16"]
[EventType "swiss"]
[EventRounds "9"]
[EventCountry "SVK"]
[SourceTitle "CBM 213 Extra"]
[Source "ChessBase"]
[SourceDate "2023.05.31"]
[SourceVersion "1"]
[SourceVersionDate "2023.05.31"]
[SourceQuality "1"]

1. e4 e5 2. Nf3 Nc6 3. Bc4 Nf6 4. d3 Bc5 5. c3 d5 6. exd5 Nxd5 7. 0-0 0-0 8. Re1 Re8 9. d4 Nb6 10. Bxf7+ Kxf7 11. Ng5+ Kg8 12. Qc2 e4 13. dxc5 Nc4 14. b3 N4e5 15. Qd1 Qf6 16. Nxe4 Qg6 17. Ng3 Bg4 18. Qd5+ Kh8 19. Kf1 Nf3 20. Rxe8+ Rxe8 21. Bd2 Nxd2+ 22. Qxd2 Rd8 23. Qe3 Rd1+ 24. Qe1 Qd3+ 25. Ne2 Rxe1+ 26. Kxe1 Qxe2# 0-1

[Event "Bratislava Slovakia op"]
[Site "Bratislava"]
[Date "2022.10.01"]
[Round "6"]
[White "Dolnik, Michal"]
[Black "Pekar, Matus"]
[Result "0-1"]
[WhiteElo "1485"]
[BlackElo "1721"]
[PlyCount "50"]
[EventDate "2022.09.30"]
[EventType "swiss (rapid)"]
[EventRounds "9"]
[EventCountry "SVK"]
[SourceTitle "CBM 210 Extra"]
[Source "ChessBase"]
[SourceDate "2022.11.30"]
[SourceVersion "1"]
[SourceVersionDate "2022.11.30"]
[SourceQuality "1"]

1. e4 d6 2. d4 Nf6 3. Nc3 g6 4. Nf3 Bg7 5. Bc4 c6 6. a3 Nbd7 7. e5 Nd5 8. Nxd5 cxd5 9. Bxd5 Qa5+ 10. Bd2 Qxd5 11. c4 Qe4+ 12. Be3 dxe5 13. dxe5 Qxc4 14. Rc1 Qe4 15. 0-0 Nxe5 16. Nxe5 Bxe5 17. Re1 Qh4 18. f4 Bf6 19. Rc7 0-0 20. Bf2 Qxf4 21. Bg3 Qg5 22. Qa4 Rd8 23. Bf4 Qd5 24. Be3 b5 25. Qb4 Bb7 0-1

[Event "Piestany Slovakia op-B"]
[Site "Piestany"]
[Date "2022.07.17"]
[Round "8"]
[White "Dolnik, Michal"]
[Black "Kollarik, Gorazd"]
[Result "1-0"]
[WhiteElo "1430"]
[BlackElo "1751"]
[PlyCount "113"]
[EventDate "2022.07.11"]
[EventType "swiss"]
[EventRounds "9"]
[EventCountry "SVK"]
[SourceTitle "CBM 209 Extra"]
[Source "ChessBase"]
[SourceDate "2022.09.30"]
[SourceVersion "1"]
[SourceVersionDate "2022.09.30"]
[SourceQuality "1"]

1. e4 c5 2. Nf3 Nc6 3. d4 cxd4 4. Nxd4 e5 5. Nf5 d6 6. Bc4 Nf6 7. 0-0 Bxf5 8. exf5 Be7 9. Nc3 0-0 10. Qf3 Rc8 11. Bb3 Qb6 12. Na4 Qb4 13. Rd1 Nd4 14. Qd3 Qb5 15. c4 Qc6 16. Bg5 Rc7 17. Nc3 Qd7 18. Bxf6 Bxf6 19. Nd5 Rcc8 20. Bc2 Nxc2 21. Qxc2 Bg5 22. h4 Bxh4 23. Qe4 Qd8 24. Rd3 h6 25. Rh3 Bg5 26. Qg4 Rc5 27. Rd1 a5 28. g3 Re8 29. f6 Rxd5 30. Rxd5 Qxf6 31. Kg2 b6 32. Rh1 Qe6 33. Qxe6 Rxe6 34. Rhd1 Be7 35. Rb5 Bd8 36. c5 d5 37. Rxd5 Bc7 38. cxb6 Bxb6 39. Rxe5 Rf6 40. Rf5 Re6 41. Rbe5 Rxe5 42. Rxe5 Kf8 43. a3 Bd4 44. Rxa5 Bxb2 45. Ra7 f5 46. a4 Ke8 47. a5 Kd8 48. Rb7 Bd4 49. a6 Kc8 50. f3 Bc3 51. Rb3 Bd4 52. Rb4 Ba7 53. g4 fxg4 54. fxg4 Be3 55. Kf3 Bg1 56. Kg3 Be3 57. Kh4 1-0

[Event "SVK-ch U12"]
[Site "Stara Lubovna"]
[Date "2022.05.25"]
[Round "6"]
[White "Shykhnenko, Hryhorii"]
[Black "Dolnik, Michal"]
[Result "1-0"]
[WhiteElo "1284"]
[BlackElo "1548"]
[PlyCount "82"]
[EventDate "2022.05.21"]
[EventType "swiss"]
[EventRounds "9"]
[EventCountry "SVK"]
[SourceTitle "CBM 208 Extra"]
[Source "ChessBase"]
[SourceDate "2022.07.31"]
[SourceVersion "1"]
[SourceVersionDate "2022.07.31"]
[SourceQuality "1"]

1. e4 c5 2. Nc3 d6 3. f4 Nc6 4. Bc4 g6 5. d3 Bg7 6. Nf3 Bg4 7. Bxf7+ Kf8 8. Bxg8 Rxg8 9. 0-0 Nd4 10. Bd2 Nxf3+ 11. gxf3 Bh3 12. Re1 Be6 13. Qe2 Bc8 14. e5 d5 15. Nd1 Bf5 16. e6 Qe8 17. Nf2 b6 18. Rab1 Qa4 19. b3 Qc6 20. Ng4 Bxg4 21. fxg4 Ke8 22. Kg2 Rf8 23. Qf3 Rd8 24. c4 Bd4 25. Be3 Bxe3 26. Rxe3 g5 27. f5 Rf6 28. Re5 Rh6 29. Rxd5 Rxd5 30. Qxd5 Qxd5+ 31. cxd5 Kd8 32. d4 cxd4 33. Rd1 Kc7 34. Rxd4 Kd6 35. Rd2 Rh4 36. Kg3 Rh6 37. Rd3 Rf6 38. Kf3 Rf8 39. Ke4 Rc8 40. Rh3 Rh8 41. Rc3 Rc8 1-0

[Event "Piestany Slovakia op"]
[Site "Piestany"]
[Date "2021.07.13"]
[Round "4"]
[White "Sevcikova, Lucia"]
[Black "Dolnik, Michal"]
[Result "1-0"]
[WhiteElo "2002"]
[BlackElo "1384"]
[PlyCount "39"]
[EventDate "2021.07.10"]
[EventType "swiss"]
[EventRounds "9"]
[EventCountry "SVK"]
[SourceTitle "CBM 203 Extra"]
[Source "ChessBase"]
[SourceDate "2021.09.30"]
[SourceVersion "1"]
[SourceVersionDate "2021.09.30"]
[SourceQuality "1"]

1. e4 e5 2. Nf3 Nc6 3. Bc4 Bc5 4. c3 Nf6 5. d4 exd4 6. e5 d5 7. Bb5 Ne4 8. cxd4 Bb6 9. 0-0 0-0 10. Nc3 Bg4 11. Bxc6 bxc6 12. Qd3 Bxf3 13. gxf3 Nxc3 14. bxc3 Qh4 15. Kh1 f5 16. f4 Ba5 17. Bd2 Rae8 18. Rg1 Qxf2 19. Rg3 Rf6 20. Rf1 1-0

[Event "SVK League Cup 1st"]
[Site "Tornelo INT"]
[Date "2021.03.28"]
[Round "2"]
[White "Mazur, Stefan"]
[Black "Dolnik, Michal"]
[Result "1-0"]
[WhiteElo "2416"]
[BlackElo "1384"]
[PlyCount "65"]
[EventDate "2021.03.27"]
[EventType "swiss"]
[EventRounds "8"]
[EventCountry "SVK"]
[SourceTitle "EXT 2022"]
[Source "ChessBase"]
[SourceDate "2021.10.06"]
[SourceVersion "1"]
[SourceVersionDate "2021.10.06"]
[SourceQuality "1"]

1. e4 e5 2. Nf3 Nc6 3. Bb5 d6 4. 0-0 Nf6 5. Re1 Bg4 6. c3 Be7 7. h3 Bh5 8. d3 0-0 9. Nbd2 a6 10. Ba4 b5 11. Bb3 b4 12. Nf1 Rb8 13. Ng3 Bg6 14. d4 bxc3 15. bxc3 exd4 16. cxd4 d5 17. exd5 Nxd5 18. Bd2 Bb4 19. Rc1 Bxd2 20. Qxd2 Ncb4 21. Ne5 Kh8 22. a3 Nd3 23. Nxg6+ fxg6 24. Qxd3 Nf4 25. Qe3 Qd6 26. Bc4 Rf6 27. Ne4 Qc6 28. d5 Nxd5 29. Bxd5 Qxd5 30. Nxf6 gxf6 31. Rxc7 Qb5 32. Qe7 Qh5 33. Qg7# 1-0

[Event "Online Friendship U12"]
[Site "Tornelo INT"]
[Date "2020.11.21"]
[Round "3.3"]
[White "Dolnik, Michal"]
[Black "Kuznecova, Marija"]
[Result "0-1"]
[WhiteElo "1309"]
[BlackElo "1601"]
[PlyCount "66"]
[EventDate "2020.11.21"]
[EventType "team-swiss"]
[EventRounds "7"]
[EventCountry "BLR"]
[SourceTitle "CBM 199 Extra"]
[Source "ChessBase"]
[SourceDate "2021.01.31"]
[SourceVersion "1"]
[SourceVersionDate "2021.01.31"]
[SourceQuality "1"]
[WhiteTeam "Czech Interchess Academy"]
[BlackTeam "Latvia Riga Chess School"]
[WhiteTeamCountry "CZE"]
[BlackTeamCountry "LAT"]

1. e4 c5 2. Nf3 d6 3. d4 cxd4 4. Nxd4 Nf6 5. Nc3 a6 6. Be3 e5 7. Nf3 Be7 8. Be2 Be6 9. 0-0 0-0 10. Qd2 Nbd7 11. Ng5 Qe8 12. Nxe6 fxe6 13. Bc4 Qf7 14. Bg5 b5 15. Bxf6 Nxf6 16. Bb3 b4 17. Na4 Nxe4 18. Qxb4 d5 19. Qe1 Bh4 20. g3 Qf3 21. Qe3 Qxe3 22. fxe3 Bg5 23. Rxf8+ Rxf8 24. Re1 Rf3 25. Nb6 Bxe3+ 26. Kh1 Bxb6 27. c4 Ba5 28. Rc1 Bd2 29. Rc2 Rf1+ 30. Kg2 Rf2+ 31. Kh3 Ng5+ 32. Kg4 Rxh2 33. cxd5 h5# 0-1

[Event "Online Friendship U12"]
[Site "Tornelo INT"]
[Date "2020.11.21"]
[Round "7.3"]
[White "Dolnik, Michal"]
[Black "Spyridakis, Georgios"]
[Result "1-0"]
[WhiteElo "1309"]
[BlackElo "1063"]
[PlyCount "51"]
[EventDate "2020.11.21"]
[EventType "team-swiss"]
[EventRounds "7"]
[EventCountry "BLR"]
[SourceTitle "CBM 199 Extra"]
[Source "ChessBase"]
[SourceDate "2021.01.31"]
[SourceVersion "1"]
[SourceVersionDate "2021.01.31"]
[SourceQuality "1"]
[WhiteTeam "Czech Interchess Academy"]
[BlackTeam "Greece Chania Academy"]
[WhiteTeamCountry "CZE"]
[BlackTeamCountry "GRE"]

1. e4 e5 2. Nf3 Nc6 3. Bc4 Nf6 4. d3 Bc5 5. 0-0 d6 6. c3 h6 7. Bb3 Be6 8. h3 d5 9. exd5 Nxd5 10. Re1 f6 11. d4 Bd6 12. dxe5 Nxe5 13. Bxd5 Bxd5 14. Qxd5 Kf8 15. Nxe5 fxe5 16. Qf3+ Kg8 17. Nd2 Kh7 18. Ne4 Be7 19. Ng3 Rf8 20. Qe4+ Kh8 21. Qxe5 Bd6 22. Qh5 Qf6 23. Be3 Rae8 24. Bd4 Qd8 25. Qxh6+ Kg8 26. Qxg7# 1-0

[Event "Online Friendship U12"]
[Site "Tornelo INT"]
[Date "2020.11.21"]
[Round "4.3"]
[White "Ruzhansky, Elias"]
[Black "Dolnik, Michal"]
[Result "1-0"]
[WhiteElo "1446"]
[BlackElo "1309"]
[PlyCount "41"]
[EventDate "2020.11.21"]
[EventType "team-swiss"]
[EventRounds "7"]
[EventCountry "BLR"]
[SourceTitle "CBM 199 Extra"]
[Source "ChessBase"]
[SourceDate "2021.01.31"]
[SourceVersion "1"]
[SourceVersionDate "2021.01.31"]
[SourceQuality "1"]
[WhiteTeam "Belgium"]
[BlackTeam "Czech Interchess Academy"]
[WhiteTeamCountry "BEL"]
[BlackTeamCountry "CZE"]

1. e4 e5 2. Nf3 Nc6 3. Bc4 Bc5 4. c3 Nf6 5. d3 0-0 6. 0-0 d5 7. exd5 Nxd5 8. b4 Bb6 9. b5 Na5 10. Nxe5 Nxc4 11. Nxc4 Bf5 12. Bb2 Nf4 13. d4 Re8 14. Nba3 Qg5 15. g3 Ne2+ 16. Kh1 Be6 17. Ne3 Qxe3 18. Kg2 Bd5+ 19. f3 Qg5 20. Rf2 Nf4+ 21. Kh1 1-0

[Event "Online Friendship U12"]
[Site "Tornelo INT"]
[Date "2020.11.21"]
[Round "6.3"]
[White "Tsyhanou, Andrei"]
[Black "Dolnik, Michal"]
[Result "1-0"]
[WhiteElo "1251"]
[BlackElo "1309"]
[PlyCount "95"]
[EventDate "2020.11.21"]
[EventType "team-swiss"]
[EventRounds "7"]
[EventCountry "BLR"]
[SourceTitle "CBM 199 Extra"]
[Source "ChessBase"]
[SourceDate "2021.01.31"]
[SourceVersion "1"]
[SourceVersionDate "2021.01.31"]
[SourceQuality "1"]
[WhiteTeam "Belarus Mogilev"]
[BlackTeam "Czech Interchess Academy"]
[WhiteTeamCountry "BLR"]
[BlackTeamCountry "CZE"]

1. d4 d5 2. Nf3 Nc6 3. Bf4 Bf5 4. e3 Nb4 5. Na3 e6 6. c3 Nc6 7. Nb1 Nf6 8. Bb5 a6 9. Bxc6+ bxc6 10. Qa4 Be7 11. Qxc6+ Nd7 12. Ne5 f6 13. Nxd7 Kf7 14. Nc5 Bxc5 15. Qxc5 Qd7 16. Nd2 Rab8 17. 0-0 Rxb2 18. Nf3 Rhb8 19. Bg5 Be4 20. Bf4 R8b5 21. Qxc7 Qxc7 22. Bxc7 Re2 23. Rfe1 Bxf3 24. gxf3 Reb2 25. Kf1 Rb7 26. Bg3 R7b6 27. Re2 R2b5 28. Rc2 Rb2 29. Rxb2 Rxb2 30. Bd6 a5 31. Bc7 a4 32. Ba5 a3 33. Bb4 Rc2 34. Bxa3 Rxc3 35. Bc5 e5 36. a4 exd4 37. exd4 Rxf3 38. a5 Rb3 39. Bd6 Rd3 40. a6 Rb3 41. a7 Ke6 42. Bc5 Rh3 43. a8Q Rxh2 44. Qe8+ Kf5 45. Qd7+ Kg6 46. Qg4+ Kf7 47. Ra7+ Ke8 48. Qc8# 1-0

[Event "EU-ch U10"]
[Site "Bratislava"]
[Date "2019.08.08"]
[Round "7"]
[White "Foldes, Marton Gabor"]
[Black "Dolnik, Michal"]
[Result "1-0"]
[WhiteElo "1803"]
[BlackElo "1251"]
[PlyCount "45"]
[EventDate "2019.08.02"]
[EventType "swiss"]
[EventRounds "9"]
[EventCountry "SVK"]
[SourceTitle "EXT 2020"]
[Source "ChessBase"]
[SourceDate "2019.10.17"]
[SourceVersion "1"]
[SourceVersionDate "2019.10.17"]
[SourceQuality "1"]

1. e4 c5 2. Nf3 Nc6 3. d4 cxd4 4. Nxd4 Nf6 5. Nc3 d6 6. f3 g6 7. Be3 Bg7 8. Qd2 0-0 9. g4 h6 10. Nxc6 bxc6 11. Bxh6 Qb6 12. Bxg7 Kxg7 13. Na4 Qc7 14. 0-0-0 Be6 15. h4 Rfb8 16. h5 Bxa2 17. hxg6 fxg6 18. b3 Bxb3 19. cxb3 Rxb3 20. Bc4 Rh8 21. Rxh8 Kxh8 22. Rh1+ Nh5 23. Qh6# 1-0